| 000 | 00785nam a2200265 a 4500 | ||
|---|---|---|---|
| 008 | |||
| 020 | _a0273646397 (pbk.) | ||
| 049 | _aMAIN | ||
| 090 |
_aHF5549 _bTOR |
||
| 100 | 1 | _aTorrington, Derek. | |
| 245 | 1 | 0 |
_aHuman resource management / _cDerek Torrington, Laura Hall and Stephen Taylor. |
| 250 | _a5th ed. | ||
| 260 |
_aHarlow : _bPrentice Hall, _c2002. |
||
| 300 |
_axxv, 668 p. : _bill. (some col.) ; _c25 cm. |
||
| 504 | _aIncludes bibliographical references. | ||
| 500 | _aIncludes index. | ||
| 650 | 0 | _aPersonnel management. | |
| 700 | 1 | _aHall, Laura. | |
| 700 | _aTaylor, Stephen. | ||
| 907 |
_a.b1029398x _b25-10-12 _c30-03-11 |
||
| 003 | |||
| 005 | 20230123125309.0 | ||
| 040 | _cNUST | ||
| 942 |
_cBOOKS _kHF5549 _mTOR |
||
| 999 |
_c139086 _d139086 |
||